000 00476nam a22001697a 4500
999 _c41767
_d41767
003 OSt
005 20221108160135.0
008 221108b ||||| |||| 00| 0 eng d
020 _a9789385676024
040 _coclc
082 _a571.2
_bJAI/F
100 _91322
_aJain, V K
245 _aFundamentals of plant physiology /
_cDr. V K Jain.
260 _aNew Delhi:
_bS Chand,
_c2016.
300 _a723 p
942 _2ddc
_cBK
_h571.2
_iJAI/F
_k571.2
_mJAI/F